00560nam a22001572 4500001001100000005001700011008004100028040001500069245015700084250001300241260005000254300001100304650004100315700004300356852000300399000001323320151217152124.0090709s xx 000 0 eng d aKABUcKABU10aGeneration Jo'Burg :ba new vision for the world summit for sustainable development /ca compilation of reports by Mohammad Rabah Aghbarieh ...[et al.]. a1st ed. aBrussels :bHeinrich Boll Foundations,c2002. a28 p. 0aSustainable development.@00001501291 aAghbarieh, Mohammad Rabah.@00001703861